Rzeczowniki na CZ - Statystyki

Ogólne statystyki
  • Ten quiz został rozwiązany 55 razy
  • Średni wynik to 18 z 35
Statystyki odpowiedzi
Odpowiedź % Poprawnych
czas
98%
czar
95%
czajnik
83%
czapka
83%
czek
78%
czapla
76%
czad
73%
człowiek
68%
czosnek
68%
czoło
66%
czarodziej
63%
czasownik
56%
członek
56%
czubek
56%
czarownica
54%
czekolada
54%
czystość
54%
czereśnia
49%
część
49%
czyn
49%
czytnik
49%
czaszka
46%
czepek
46%
czerwiec
46%
czołg
46%
czkawka
44%
czułość
41%
czynnik
39%
czujnik
37%
czwartek
34%
czołówka
29%
czasopismo
27%
czytelnik
22%
cząsteczka
12%
czynsz
2%
Nie znaleziono quizów pasujących do podanych kryteriów
Rozkład punktacji
Procent ludzi z każdym wynikiem
Percentyl według liczby udzielonych odpowiedzi
Twoja historia wyników
Nie rozwiązałeś tego quizu